|
|
|
|
| LEADER |
01577nam a2200337 a 4500 |
| 001 |
adlib96000001 |
| 003 |
ViArRB |
| 005 |
20151026132055.0 |
| 008 |
960221s1955 dcuabcdjdbkoqu001 0deng d |
| 020 |
|
|
|a 1-86152-161-8
|
| 022 |
|
|
|
| 040 |
|
|
|a Adlib
|
| 082 |
|
|
|a 658(03)
|
| 245 |
|
|
|a International encyclopedia of business and management
|
| 250 |
|
|
|a 2nd ed.
|
| 260 |
|
|
|a London
|b Thomson Learning
|c 2002
|
| 300 |
|
|
|a various pagination
|
| 500 |
|
|
|a vol. 8 index
|
| 100 |
|
|
|a Warner, Malcolm
|e ed. by
|
| 700 |
|
|
|
| 942 |
|
|
|c REF
|6 _
|
| 653 |
|
|
|a Business management- Encyclopedias
|
| 999 |
|
|
|c 41162
|d 41162
|
| 952 |
|
|
|0 0
|1 0
|4 0
|6 65803_WAR1
|7 0
|9 53157
|a UL
|b UL
|d 2010-06-16
|o 658(03) WAR. 1
|p 00051970
|r 2010-06-16
|w 2010-06-16
|y REF
|
| 952 |
|
|
|0 0
|1 0
|4 0
|6 65803_WAR2
|7 0
|9 53158
|a UL
|b UL
|d 2010-06-16
|o 658(03) WAR. 2
|p 00051971
|r 2010-06-16
|w 2010-06-16
|y REF
|
| 952 |
|
|
|0 0
|1 0
|4 0
|6 65803_WAR3
|7 0
|9 53159
|a UL
|b UL
|d 2010-06-16
|o 658(03) WAR. 3
|p 00051972
|r 2010-06-16
|w 2010-06-16
|y REF
|
| 952 |
|
|
|0 0
|1 0
|4 0
|6 65803_WAR4
|7 0
|9 53160
|a UL
|b UL
|d 2010-06-16
|o 658(03) WAR. 4
|p 00051973
|r 2010-06-16
|w 2010-06-16
|y REF
|
| 952 |
|
|
|0 0
|1 0
|4 0
|6 65803_WAR5
|7 0
|9 53161
|a UL
|b UL
|d 2010-06-16
|o 658(03) WAR. 5
|p 00052519
|r 2010-06-16
|w 2010-06-16
|y REF
|
| 952 |
|
|
|0 0
|1 0
|4 0
|6 65803_WAR6
|7 0
|9 53162
|a UL
|b UL
|d 2010-06-16
|o 658(03) WAR. 6
|p 00052520
|r 2010-06-16
|w 2010-06-16
|y REF
|
| 952 |
|
|
|0 0
|1 0
|4 0
|6 65803_WAR7
|7 0
|9 53163
|a UL
|b UL
|d 2010-06-16
|o 658(03) WAR. 7
|p 00052521
|r 2010-06-16
|w 2010-06-16
|y REF
|
| 952 |
|
|
|0 0
|1 0
|4 0
|6 65803_WAR8
|7 0
|9 53164
|a UL
|b UL
|d 2010-06-16
|o 658(03) WAR. 8
|p 00052522
|r 2010-06-16
|w 2010-06-16
|y REF
|